000 00358 a2200169 4500
001 183185
020 _a85-349-0565-7
040 _cMagnum
100 _aQuoist, Michael
240 1 0 _aFale-me de amor
_lpor
245 1 0 _aFale-me de amor
300 _a253
362 0 _a1988
440 1 _aPaulus
697 _aLITERATURA GERAL ESTRANGEIRA
942 _cBK
999 _c183185
_d183185